| 000 | 01540nam0a22003251 4500 | ||
|---|---|---|---|
| 001 | rc\261623 | ||
| 005 | 20260406063001.0 | ||
| 010 |
_a5-7666-0411-4 _d10 к. _91000 |
||
| 021 |
_aRU _b91-28674 |
||
| 035 | _a(NLR Aleph) 009037033 | ||
| 090 |
_a9526328 _c9526328 |
||
| 100 | _a20030307d1991 |||y0rusy50 ca | ||
| 101 | 0 | _arus | |
| 102 | _aRU | ||
| 105 | _ay z|||||||| | ||
| 200 | 1 |
_aОн достоин памяти народной _e(краткий исторический очерк о Т. Эльдерханове) _fЖ.Ж. Гакаев |
|
| 210 |
_aГрозный _cЧечено-Ингушское издательско-полиграфическое объединение "Книга" _d1991 |
||
| 215 |
_a40, [2] с. _d20 |
||
| 300 | _aПеред вып. данными автор: Жабраил Жокалаевич Гакаев | ||
| 600 | 1 |
_aЭльдарханов _bТ.Э. _f1870 - 1934 _gТаштемир Эльжуркаевич _91983489 _3RU\NLR\AUTH\661196015 |
|
| 601 | 0 | 2 |
_aКПСС _bЧечено-Ингушская организация _xБиографии _92063196 _3RU\NLR\AUTH\661237549 |
| 686 | 0 |
_aТ3(2)711.29-8 _2rubbk |
|
| 700 | 1 |
_8rus _7ca _aГакаев _bД.Д. _f1942-2005 _gДжабраил Джоколаевич _3RU\NLR\AUTH\7713108 _9122811 |
|
| 702 | 1 |
_aЭльдерханов _bТ. Э. _f1870-1934 _gТаштемир Эльжуркаевич _4570 |
|
| 801 | 0 |
_aRU _bNLR _gpsbo |
|
| 801 | 1 |
_aRU _bELAR _2rusmarc |
|
| 801 | 2 |
_aRU _bNLR _c20130215 _2rusmarc |
|
| 852 |
_aNLR _j91-4/4817 |
||
| 942 | _cBOOK | ||
| 980 | _aNB | ||